000 01082cam a22002535a 4500
001 L138510
008 070615s2005 xxk f 001 0 eng d
020 _a0727733931
035 _a(Sirsi) u138510
041 0 _aeng
050 0 4 _a692.8 $2 18
100 1 _aMitchell, Bronwyn
245 0 0 _aManaging reality
_bbook 2
_bprocuring an engineering and construction contract
260 _aLondon
_bThomas Telford Ltd
_c2005
300 _axix, 159p.
_c30cm.
350 _a25
490 0 _aManaging Reality
_v2
505 2 _aProcurement -- Contract options -- Completing the contract data -- Works information guidelines
520 _aSecond of a five part volume on managing the ECC contract is intended for those who need to know how to procure such a contract. It covers in practical detail the invitations to tender, evaluation of submissions, which option to select, how to complete the Contract Data and how to prepare the Works Information.
651 4 _aUnited Kingdom
_y
690 _aBUILT ENVIRONMENT-BUILDING CONTRACT FORMS
700 1 _aTrebes, Barry
942 _n0
999 _c107185
_d107185